<?xml version="1.0" encoding="UTF-8"?>
<resp>
  <nextPage>https://data.bn.org.pl/api/networks/bibs.marcxml?marc=001+b1000000964530&amp;sinceId=1000000964531</nextPage>
  <collection>
    <record xmlns='http://www.loc.gov/MARC21/slim'><leader>02138naa a2200649 i 4500</leader><controlfield tag='001'>b1000000964530</controlfield><controlfield tag='005'>20251216080748.1</controlfield><controlfield tag='008'>210517s2016    pl            |0000 pol c</controlfield><controlfield tag='009'>9912076878805606</controlfield><datafield ind1=' ' ind2=' ' tag='035'><subfield code='a'>(PL)b1000000964530</subfield></datafield><datafield ind1=' ' ind2=' ' tag='040'><subfield code='a'>WA N</subfield><subfield code='c'>WA N</subfield><subfield code='d'>WA N</subfield></datafield><datafield ind1='0' ind2=' ' tag='041'><subfield code='a'>pol</subfield><subfield code='b'>eng</subfield></datafield><datafield ind1='2' ind2=' ' tag='045'><subfield code='b'>d2001</subfield><subfield code='b'>d2016</subfield></datafield><datafield ind1=' ' ind2=' ' tag='046'><subfield code='k'>2016</subfield></datafield><datafield ind1=' ' ind2=' ' tag='080'><subfield code='8'>1.1\x</subfield><subfield code='a'>378(045/046)</subfield></datafield><datafield ind1=' ' ind2=' ' tag='080'><subfield code='8'>1.2\x</subfield><subfield code='a'>71(045/046)</subfield></datafield><datafield ind1='1' ind2=' ' tag='100'><subfield code='a'>Bartoszczuk, Wojciech</subfield><subfield code='d'>(1972- )</subfield><subfield code='e'>Autor</subfield></datafield><datafield ind1='1' ind2='0' tag='245'><subfield code='a'>Projektowanie urbanistyczne - od inwentaryzacji do realizacji /</subfield><subfield code='c'>Wojciech Bartoszczuk.</subfield></datafield><datafield ind1=' ' ind2=' ' tag='260'><subfield code='c'>2016.</subfield></datafield><datafield ind1=' ' ind2=' ' tag='336'><subfield code='a'>Tekst</subfield><subfield code='b'>txt</subfield><subfield code='2'>rdacontent</subfield></datafield><datafield ind1=' ' ind2=' ' tag='337'><subfield code='a'>Bez urządzenia pośredniczącego</subfield><subfield code='b'>n</subfield><subfield code='2'>rdamedia</subfield></datafield><datafield ind1=' ' ind2=' ' tag='338'><subfield code='a'>Wolumin</subfield><subfield code='b'>nc</subfield><subfield code='2'>rdacarrier</subfield></datafield><datafield ind1=' ' ind2=' ' tag='380'><subfield code='a'>Artykuły</subfield></datafield><datafield ind1=' ' ind2=' ' tag='380'><subfield code='a'>Publikacje naukowe</subfield></datafield><datafield ind1='1' ind2=' ' tag='388'><subfield code='a'>2001-</subfield></datafield><datafield ind1=' ' ind2=' ' tag='504'><subfield code='a'>Bibliografia na stronie 21.</subfield></datafield><datafield ind1=' ' ind2=' ' tag='546'><subfield code='a'>Streszczenie w języku angielskim.</subfield></datafield><datafield ind1=' ' ind2='7' tag='648'><subfield code='a'>2001-</subfield><subfield code='2'>DBN</subfield></datafield><datafield ind1=' ' ind2='7' tag='650'><subfield code='a'>Budownictwo mieszkaniowe</subfield><subfield code='2'>DBN</subfield></datafield><datafield ind1=' ' ind2='7' tag='650'><subfield code='a'>Kształcenie</subfield><subfield code='2'>DBN</subfield></datafield><datafield ind1=' ' ind2='7' tag='650'><subfield code='a'>Planowanie przestrzenne</subfield><subfield code='2'>DBN</subfield></datafield><datafield ind1=' ' ind2='7' tag='650'><subfield code='a'>Politechniki</subfield><subfield code='2'>DBN</subfield></datafield><datafield ind1=' ' ind2='7' tag='650'><subfield code='a'>Urbanistyka</subfield><subfield code='2'>DBN</subfield></datafield><datafield ind1=' ' ind2='7' tag='651'><subfield code='a'>Polska</subfield><subfield code='2'>DBN</subfield></datafield><datafield ind1=' ' ind2='7' tag='655'><subfield code='a'>Artykuł problemowy</subfield><subfield code='2'>DBN</subfield></datafield><datafield ind1=' ' ind2='7' tag='655'><subfield code='a'>Artykuł z pracy zbiorowej</subfield><subfield code='2'>DBN</subfield></datafield><datafield ind1=' ' ind2=' ' tag='658'><subfield code='a'>Architektura i budownictwo</subfield></datafield><datafield ind1=' ' ind2=' ' tag='658'><subfield code='a'>Edukacja i pedagogika</subfield></datafield><datafield ind1='0' ind2=' ' tag='773'><subfield code='i'>W:</subfield><subfield code='t'>Projektowanie urbanistyczne na kierunku Gospodarka Przestrzenna.</subfield><subfield code='g'>S. 11-22</subfield><subfield code='w'>(PL)b1000006035979</subfield></datafield><datafield ind1='0' ind2=' ' tag='773'><subfield code='i'>W:</subfield><subfield code='t'>Projektowanie urbanistyczne na kierunku Gospodarka Przestrzenna.</subfield><subfield code='g'>S. 11-22</subfield><subfield code='w'>(PL)b0000005527717</subfield></datafield><datafield ind1=' ' ind2=' ' tag='852'><subfield code='b'>48OMNIS_UJA</subfield><subfield code='8'>991016835624905067</subfield></datafield><datafield ind1=' ' ind2=' ' tag='852'><subfield code='b'>48OMNIS_NETWORK</subfield><subfield code='8'>9912076878805606</subfield></datafield><datafield ind1=' ' ind2=' ' tag='852'><subfield code='b'>48OMNIS_NLOP</subfield><subfield code='8'>991053135092405066</subfield></datafield></record>
  </collection>
</resp>
